Russian and soviet paintings (Record no. 2406)

MARC details
000 - LÍDER
campo de control de longitud fija 00917nam a2200193Ia 4500
008 - ELEMENTOS DE DATOS DE LONGITUD FIJA - INFORMACIÓN GENERAL
campo de control de longitud fija 0000001977 usa 0000000000eng00
020 ## - INTERNATIONAL STANDARD BOOK NUMBER
International Standard Book Number 870991620
090 ## - NÚMERO DE LLAMADA DE TIPO LC LOCALMENTE ASIGNADO (OCLC)
Número de clasificación (OCLC) (R) PRU00 M27r
110 1# - ENTRADA PRINCIPAL - NOMBRE CORPORATIVO
Nombre corporativo o nombre de jurisdicción como elemento de entrada The Metropolitan Museum of Art. New York
245 10 - TÍTULO DECLARACIÓN
Título Russian and soviet paintings
Resto del título : an exhibition from the Museums of the USSR presented at the Metropolitan Museum of Art,
Declaración de responsabilidad / introduction by Dmitii Vladimirovich Sarabianov ; translation John E. Bowlt ; photography Malcolm Varon
260 ## - PUBLICACIÓN, DISTRIBUCIÓN
Lugar de publicación New York : The Metropolitan Museum of Art
Fecha de publicación 1977
300 ## - DESCRIPCIÓN FÍSICA
Alcance 165 p.
Dimensiones / 27 cm.
500 ## - NOTA GENERAL
Nota general Con el patronazgo del maestro venezolano Jesús Rafael Soto (q.e.p.d.)
650 14 - ENTRADA DE SUJETO AÑADIDO - TÉRMINO TÓPICO
Término tópico o elemento de entrada del nombre geográfico ARTE CONTEMPORANEO RUSO
650 14 - ENTRADA DE SUJETO AÑADIDO - TÉRMINO TÓPICO
Subdivisión general CATALOGOS
650 14 - ENTRADA DE SUJETO AÑADIDO - TÉRMINO TÓPICO
Término tópico o elemento de entrada del nombre geográfico PINTORES RUSOS
650 14 - ENTRADA DE SUJETO AÑADIDO - TÉRMINO TÓPICO
Término tópico o elemento de entrada del nombre geográfico PINTURA RUSA
700 1# - ENTRADA AGREGADA - NOMBRE PERSONAL
Nombre de la persona Sarabianov, Dmitri Vladimirovich \ Korotkevich, E. Yu \ Uspenskaia, E. A. \ Bowlt, John E. \ Varon, Malcolm
Holdings
Estado de retirada Pérdida de estatus Estado dañado No para préstamo Código de recogida Ubicación permanente Ubicación actual Ubicación de las estanterías Fecha de adquisición Número de llamada completo Código de barras Fecha de la última vez que se vio Número de copia Precio efectivo desde Tipo de artículo Koha
        General ArtNexus ArtNexus General 06/09/2022 P-RU-00 M27R 2407 06/09/2022 Ej.1 06/09/2022 Libro

Powered by Koha